Представление документа в формате RUSMARC

ПолеНазваниеЗначение
  Тип записи a
  Библиографический уровень m
001 Контрольный номер aff8a7b21f794ca1bc63603163abe9d1
005 Дата корректировки 20141124094154.5
010 Индекс ISBN __
a ISBN 978-5-4377-0028-0
101 Язык документа 0_
a Язык текста rus
102 Страна публикации __
a Страна публикации RU
200 Заглавие и сведения об ответственности 1_
a Заглавие Маркировка товаров: применение в таможенном деле и международной торговле
e Сведения, относящиеся к заглавию учеб. пособие для вузов
b Общее обозначение материала Текст
f Первые сведения об ответственности Г. Ю. Федотова, И. Н. Петрова
210 Выходные данные 1_
d Дата издания 2013
c Издательство Троицкий мост
a Место издания СПб.
215 Физическое описание __
a Объем 246 [2] с.
c Иллюстрации/тип воспроизводства a-ил.
610 Ключевые слова 0_
a Ключевые слова учебное пособие
a Ключевые слова потребительская маркировка
a Ключевые слова предупредительная маркировка
a Ключевые слова товарные знаки
a Ключевые слова знаки обслуживания
a Ключевые слова сертификационная маркировка
a Ключевые слова экологическая маркировка
a Ключевые слова транспортная маркировка
a Ключевые слова штриховой код
a Ключевые слова штриховое кодирование
686 Индексы других классификаций __
a Классификационный индекс 65.9(2)843-18я73
2 Код системы rubbk
686 Индексы других классификаций __
a Классификационный индекс 30.607
2 Код системы rubbk
686 Индексы других классификаций __
a Классификационный индекс 67.404.34
2 Код системы rubbk
700 Автор _1
a Фамилия Федотова
b Имя Г.Ю.
g Полное личное имя Галина Юрьевна
701 Альтернативная интеллектуальная ответственность _1
a Фамилия Петрова
b Имя И.Н.
g Полное личное имя Ирина Николаевна
801 Источник записи _0
a Страна RU
b Организация РУК
c Дата составления 20131024
g Правила каталогизации PSBO
801 Источник записи _1
a Страна RU
b Организация РУК
c Дата составления 20131024
g Правила каталогизации PSBO
852 Данные о местонахождении __
j Шифр хранения ББК 65.9(2)8
i Авторский знак Ф 34
901 Тип документа __
t Тип документа m
938 Служебная информация __
a Название организации Головной вуз
b Имя БД BOOK
c Название АИБС АИБС ИРБИС
952 Тип литературы __
b Гриф литературы для ВШ гриф УМО